| 000 | 00751nam a2200229 a 4500 | ||
|---|---|---|---|
| 005 | 20240228063852.0 | ||
| 008 | 031110s2001 mx r 000 0 spa d | ||
| 020 | _a9683900992 | ||
| 035 | _aUPN01000130843 | ||
| 049 | _aI | ||
| 050 | 4 |
_aPZ71 _bG5.2 |
|
| 100 | 1 | _aGirón, Nicole | |
| 245 | 1 | 3 |
_aEl azúcar / _cNicole Girón ; il. Ana Villaseñor. |
| 260 |
_aMéxico : _bPatria, _c2001. |
||
| 300 |
_a31 p. : _bprincipalmente il. col. |
||
| 440 | 0 |
_aPiñata. _pLas materias primas |
|
| 650 | 4 |
_aLibros y lectura para niños _92290 |
|
| 650 | 4 |
_aAZUCAR - _xMANUFACTURA Y REFINAMIENTO - _zCOSAMALOAPAN, VERACRUZ _95440 |
|
| 650 | 4 |
_aCAÑA DE AZUCAR - _xCULTIVO - _zCOSAMALOAPAN, VERACRUZ _96155 |
|
| 700 | 1 |
_aVillaseñor, Ana _eil. |
|
| 905 | _aInfantil | ||
| 999 |
_c103000 _d103000 |
||